|
|
|
|
| LEADER |
00000nab a2200000 ar4500 |
| 001 |
vtls008963263 |
| 003 |
SK-MaSNL |
| 005 |
20260303070744.0 |
| 008 |
070412c20070130xo dr|n|||||||000 b|slo |
| 015 |
|
|
|a SLLK2006
|2 sllk
|
| 038 |
|
|
|a SLLK
|
| 040 |
|
|
|a SLLK
|b slo
|c sllk
|e AACR2
|
| 041 |
0 |
|
|a slo
|
| 044 |
|
|
|a xo
|c SK
|
| 080 |
|
|
|a 331.56
|2 1997
|
| 080 |
|
|
|a 621.88
|2 1997
|
| 100 |
1 |
|
|a Rindoš, Peter
|4 aut
|9 668686
|
| 245 |
1 |
0 |
|a Prepúšťanie v Skrutkárni
|c Peter Rindoš
|
| 610 |
2 |
7 |
|a Úrad práce, sociálnych vecí a rodiny (Stará Ľubovňa, Slovensko)
|2 snkbucl
|9 1023024
|
| 610 |
2 |
7 |
|a Skrutkáreň Exim (Stará Ľubovňa, Slovensko)
|2 snkbucl
|9 1022822
|
| 648 |
|
7 |
|a 2007
|2 snkbucl
|9 313226
|
| 650 |
0 |
7 |
|a hromadné prepúšťanie
|2 snkbucl
|9 844136
|
| 651 |
|
7 |
|a Stará Ľubovňa (Slovensko)
|2 snkbucl
|9 19193
|
| 773 |
0 |
|
|t Tatranský denník Korzár
|g Roč. IX, č. 24 (30. 1.2007) s. 2
|x 1335-7573
|
| 852 |
|
|
|a SLLK
|b KIS3GCP
|
| 999 |
|
|
|c 1756785
|d 1758715
|